00596 a2200169 4500003000500000005001700005040000900022082001200031100003100043245007100074260003100145300001400176505018100190538002900371650001400400651001200414Nust20170207171113.0 cNust a621.382 aAltaf, Tanzeela ( MSEE-18) aPower control in cognitive radio using fuzzy logiccTanzeela Altaf aRawalpindibMCS,NUSTc2014 avii,44,p; aIntroduction (page-1) Literature review (page-13) Proposed fuzzay based power control methodology (page-22) Simulation and results (page-30)Conclusion and future work (page-42) aAlmirah No.69 Shelf No.3 aPG Thesis aMSEE-18